| 000 | 00571cam a2200145 4500500 | ||
|---|---|---|---|
| 005 | 20251012021606.0 | ||
| 041 | _afre | ||
| 042 | _adc | ||
| 100 | 1 | 0 |
_aSalin, Dominique _eauthor |
| 245 | 0 | 0 | _aAlfonso Mendiola, MICHEL DE CERTEAU, Épistémologie, érotique et deuil, Traduction française et préface de Pierre-Antoine Fabre, Lessius, 2023, 206 p., 24 €. |
| 260 | _c2024. | ||
| 500 | _a84 | ||
| 786 | 0 | _nChristus | º282 | 2 | 2024-04-01 | p. 118-119 | 0009-5834 | |
| 856 | 4 | 1 | _uhttps://shs.cairn.info/revue-christus-2024-2-page-118?lang=fr&redirect-ssocas=7080 |
| 999 |
_c1538878 _d1538878 |
||